Welcome to the Holygrace Academy Library

Please use search bar below to get started

PARUTHIKKADINTE KATHAKL (Record no. 5056)

MARC details
000 -LEADER
fixed length control field 00325nam a22001457a 4500
020 ## - INTERNATIONAL STANDARD BOOK NUMBER
ISBN 81-240-0760-8
082 ## - DEWEY DECIMAL CLASSIFICATION NUMBER
Classification number 894.812.3
Item number PAR/P
100 ## - MAIN ENTRY--AUTHOR NAME
Personal name PARUTHIKKADU, SIDHARTHAN
245 ## - TITLE STATEMENT
Title PARUTHIKKADINTE KATHAKL
260 ## - PUBLICATION, DISTRIBUTION, ETC. (IMPRINT)
Place of publication KOTTAYAM
Name of publisher CURRENT BOOKS
Year of publication 1999
300 ## - PHYSICAL DESCRIPTION
Number of Pages 95
520 ## - SUMMARY, ETC.
Summary, etc NOVEL
650 ## - SUBJECT ADDED ENTRY--TOPICAL TERM
Topical Term NOVEL
942 ## - ADDED ENTRY ELEMENTS (KOHA)
Koha item type Books
Holdings
Withdrawn status Lost status Collection code Home library Current library Shelving location Date acquired Source of acquisition Cost, normal purchase price Full call number Accession Number Koha item type
    Fiction Main Library Main Library SHELF-16- J- MALAYALAM NOVELS,FICTIONS 12/01/2005 Purchase 40.00 894.812.3 PAR/P 01941 Books